| 000 | 01422nam a2200241 a 4500 | ||
|---|---|---|---|
| 999 |
_c12281 _d12281 |
||
| 001 | 12281 | ||
| 003 | BD-JhCC | ||
| 005 | 20221204134024.0 | ||
| 008 | 210921b20032020bg |||| ||a| 000 0 Ben d | ||
| 020 | _a9789848766002 | ||
| 035 | _a(BD-JhCC)12281 | ||
| 040 |
_aBD-JhCC _dBD-JhCC |
||
| 041 | _aBengali | ||
| 082 |
_a297.1241 _bALZ 2020 |
||
| 100 | _aআল-জু’ফী, শাইখ ইমামুলল হুজ্জাহ আবু ’আবদুল্লাহ মুহাম্মাদ বিন ইসমা’ঈল বিন ইবরাহীম বিন মুগীরহ্ আল বুখারী | ||
| 245 |
_aসহীহুল বুখারী / _cশাইখ ইমামুলল হুজ্জাহ আবু ’আবদুল্লাহ মুহাম্মাদ বিন ইসমা’ঈল বিন ইবরাহীম বিন মুগীরহ্ আল বুখারী আল-জু’ফী, ফাযীলাাতুশ্ শাইখ সিদকী জামীল আল-’আত্তার (বৈরুত) |
||
| 260 |
_aঢাকা: _bতাওহীদ পাবলিকেশন্স; _c২০২০. |
||
| 300 |
_a600 p. : _c24 cm. |
||
| 650 | _aHadith | ||
| 700 | _a(বৈরুত),ফাযীলাাতুশ্ শাইখ সিদকী জামীল আল-’আত্তার | ||
| 942 |
_2ddc _cBK _03 |
||